000 00305nam a2200133 i 4500
001 bg
100 1 _aMILLER, Danuta
245 0 _aProjektowanie metodyczne /
_cDanuta Miller.
260 _aWarszawa,
_c1987.
040 _cBPK
041 _apol
942 _cKS
008 s pl f |000 0 pol
999 _c23743
_d23743
856 _uhttp://koha.tu.koszalin.pl/cgi-bin/koha/opac-detail.pl?biblionumber=23743
_yKatalog online BPK